[Event "Sunway Formentera op 4th"]
[Site "Sant Ferran de ses Roques"]
[Date "2025.05.05"]
[Round "6"]
[White "Leidorf, Sebastian"]
[Black "Kogan, Artur"]
[Result "0-1"]
[WhiteElo "2060"]
[BlackElo "2484"]
[PlyCount "70"]
[EventDate "2025.04.29"]
[EventType "swiss"]
[EventRounds "10"]
[EventCountry "ESP"]
[SourceTitle "CB20_2025"]
[SourceDate "2025.05.14"]
[SourceVersion "1"]
[SourceVersionDate "2025.05.14"]
[SourceQuality "1"]

1. c4 g6 2. g3 Bg7 3. Bg2 Nc6 4. Nc3 d6 5. d3 Bd7 6. e4 Qc8 7. h3 e5 8. Nge2 Nge7 9. Nd5 0-0 10. Bg5 f6 11. Be3 f5 12. Qd2 Nxd5 13. cxd5 Ne7 14. h4 c6 15. Rc1 Qe8 16. dxc6 Bxc6 17. 0-0 Qf7 18. f4 Qxa2 19. Ra1 Qe6 20. Bxa7 d5 21. exf5 Nxf5 22. Bc5 Rxa1 23. Rxa1 Re8 24. Kh2 d4 25. Ba3 Bxg2 26. Kxg2 Ne3+ 27. Kh2 Qd5 28. Rg1 Qf3 29. Kh3 Bh6 30. Bd6 Qg4+ 31. Kh2 Nf5 32. Bc7 exf4 33. Nxf4 Nxh4 34. gxh4 Re2+ 35. Qxe2 Bxf4+ 0-1

[Event "Calvia Amateur op 21st"]
[Site "Calvia"]
[Date "2024.10.08"]
[Round "4"]
[White "Thakoerdien, Jerrel"]
[Black "Leidorf, Sebastian"]
[Result "1/2-1/2"]
[WhiteElo "2174"]
[BlackElo "2059"]
[PlyCount "41"]
[EventDate "2024.10.05"]
[EventType "swiss"]
[EventRounds "9"]
[EventCountry "ESP"]
[SourceTitle "CB45_2024"]
[Source "ChessBase"]
[SourceDate "2024.11.06"]
[SourceVersion "1"]
[SourceVersionDate "2024.11.06"]
[SourceQuality "1"]

1. d4 e6 2. c4 Nf6 3. Nf3 d5 4. g3 Be7 5. Bg2 0-0 6. 0-0 dxc4 7. Qc2 a6 8. a4 Bd7 9. Qxc4 Bc6 10. Bf4 Nd5 11. Bc1 Nf6 12. Nc3 b5 13. Qd3 b4 14. Nb1 Be4 15. Qe3 c5 16. Nbd2 cxd4 17. Qxd4 Qxd4 18. Nxd4 Bxg2 19. Kxg2 Rc8 20. N2b3 Nc6 21. Nf3 1/2-1/2

[Event "Wiesbaden op 32nd"]
[Site "Wiesbaden"]
[Date "2023.08.25"]
[Round "2"]
[White "Kobs, Stephan"]
[Black "Leidorf, Sebastian"]
[Result "0-1"]
[WhiteElo "1877"]
[BlackElo "2053"]
[PlyCount "94"]
[EventDate "2023.08.24"]
[EventType "swiss"]
[EventRounds "7"]
[EventCountry "GER"]
[SourceTitle "CBM 216 Extra"]
[Source "ChessBase"]
[SourceDate "2023.11.30"]
[SourceVersion "1"]
[SourceVersionDate "2023.11.30"]
[SourceQuality "1"]

1. e4 e6 2. d4 d5 3. Nc3 Nf6 4. Bg5 Bb4 5. e5 h6 6. Bd2 Bxc3 7. bxc3 Ne4 8. Qg4 g6 9. Bd3 Nxd2 10. Kxd2 c5 11. Qf4 Nc6 12. h4 Qa5 13. Nf3 cxd4 14. Nxd4 Nxd4 15. Qxd4 Bd7 16. a4 Rc8 17. Rhb1 Rc7 18. Qb4 Qxb4 19. cxb4 Ke7 20. f4 g5 21. g3 gxf4 22. gxf4 Rg8 23. Rg1 Rcc8 24. b5 f5 25. exf6+ Kxf6 26. Rae1 Rcf8 27. Ke3 e5 28. fxe5+ Kxe5 29. Kd2+ Kd6 30. h5 Be8 31. Bg6 Bxg6 32. hxg6 Rg7 33. Re3 Rf6 34. Reg3 Rf4 35. Rh3 Rxa4 36. Rxh6 Re4 37. Kd3 Kc5 38. c4 Rd4+ 39. Ke3 dxc4 40. Rh5+ Rd5 41. Rxd5+ Kxd5 42. Rg5+ Ke6 43. Kd4 Kf6 44. Rc5 Rxg6 45. Kxc4 Rg4+ 46. Kb3 Re4 47. Rh5 Re5 0-1

[Event "Wiesbaden op 32nd"]
[Site "Wiesbaden"]
[Date "2023.08.24"]
[Round "1"]
[White "Leidorf, Sebastian"]
[Black "Fassler, Felix"]
[Result "1-0"]
[WhiteElo "2053"]
[BlackElo "1596"]
[PlyCount "47"]
[EventDate "2023.08.24"]
[EventType "swiss"]
[EventRounds "7"]
[EventCountry "GER"]
[SourceTitle "CBM 216 Extra"]
[Source "ChessBase"]
[SourceDate "2023.11.30"]
[SourceVersion "1"]
[SourceVersionDate "2023.11.30"]
[SourceQuality "1"]

1. c4 e6 2. g3 d5 3. Bg2 Nf6 4. Nf3 Be7 5. 0-0 0-0 6. b3 b6 7. Bb2 Bb7 8. e3 Nbd7 9. Nc3 Ne4 10. cxd5 exd5 11. Qc2 Re8 12. Rac1 Bf8 13. d3 Nec5 14. Rfd1 Nf6 15. Nb5 Rc8 16. Bxf6 gxf6 17. Nxa7 Ra8 18. Nb5 Qd7 19. a4 Ne6 20. d4 Rac8 21. Qf5 Be7 22. Nh4 Kh8 23. Bf1 Ng5 24. Qxd7 1-0

[Event "Main Vogelsberg op 15th"]
[Site "Waechtersbach"]
[Date "2021.10.02"]
[Round "3.3"]
[White "Eull, Emil"]
[Black "Leidorf, Sebastian"]
[Result "1-0"]
[WhiteElo "1930"]
[BlackElo "2093"]
[PlyCount "81"]
[EventDate "2021.10.01"]
[EventType "swiss"]
[EventRounds "5"]
[EventCountry "GER"]
[SourceTitle "EXT 2023"]
[Source "ChessBase"]
[SourceDate "2022.10.05"]
[SourceVersion "1"]
[SourceVersionDate "2022.10.05"]
[SourceQuality "1"]

1. c4 c5 2. Nc3 Nc6 3. Nf3 Nf6 4. g3 g6 5. Bg2 Bg7 6. 0-0 0-0 7. d3 d6 8. a3 a6 9. Rb1 Rb8 10. b4 cxb4 11. axb4 b5 12. cxb5 axb5 13. Be3 Ng4 14. Bd2 Nge5 15. Nxe5 Nxe5 16. Ra1 Bb7 17. Bxb7 Rxb7 18. Qb3 Qb8 19. Ra6 Rc8 20. Rc1 Rb6 21. Qa3 e6 22. Qa5 Rxa6 23. Qxa6 Rc6 24. Qa5 d5 25. f4 d4 26. Nxb5 Rxc1+ 27. Bxc1 Nc6 28. Qa4 Bf8 29. Bd2 e5 30. Na3 Bxb4 31. Bxb4 Qxb4 32. Qxb4 Nxb4 33. fxe5 f5 34. exf6 Kf7 35. Kf2 Kxf6 36. Kf3 Nd5 37. Nc4 h5 38. Na5 Ne7 39. Ke4 Kg5 40. Nb3 Nf5 41. Nxd4 1-0

[Event "Main Vogelsberg op 15th"]
[Site "Waechtersbach"]
[Date "2021.10.02"]
[Round "2.5"]
[White "Leidorf, Sebastian"]
[Black "Alhamid, Mohamad"]
[Result "1-0"]
[WhiteElo "2093"]
[BlackElo "1808"]
[PlyCount "77"]
[EventDate "2021.10.01"]
[EventType "swiss"]
[EventRounds "5"]
[EventCountry "GER"]
[SourceTitle "EXT 2023"]
[Source "ChessBase"]
[SourceDate "2022.10.05"]
[SourceVersion "1"]
[SourceVersionDate "2022.10.05"]
[SourceQuality "1"]

1. c4 e5 2. g3 Bc5 3. Nc3 Nf6 4. Bg2 0-0 5. e3 c6 6. Nge2 d5 7. cxd5 Nxd5 8. d4 exd4 9. Nxd5 cxd5 10. Nxd4 Nc6 11. Nb3 Bb4+ 12. Bd2 Bf5 13. 0-0 Be4 14. Rc1 Qb6 15. Bc3 Bxc3 16. Rxc3 Rfd8 17. Qd2 Bxg2 18. Kxg2 d4 19. exd4 Nxd4 20. Nxd4 Rxd4 21. Qe3 Rad8 22. Rfc1 h6 23. Rb3 Qa6 24. Ra3 Qb6 25. Rb3 Qa6 26. Qf3 R4d7 27. Ra3 Qb6 28. Rb3 Qa6 29. a3 b6 30. Rbc3 Qb5 31. Rb3 Qe5 32. Qe3 Qd6 33. Rbc3 Re7 34. Qf3 Red7 35. Rc6 Qe5 36. R1c2 Qe1 37. Rc8 Qe7 38. h4 Rd3 39. Qxd3 1-0

[Event "GER-ch Net blitz qual3"]
[Site "Playchess.com INT"]
[Date "2021.05.07"]
[Round "7"]
[White "Leidorf, Sebastian"]
[Black "Brunke, Pascal"]
[Result "1-0"]
[WhiteElo "1788"]
[BlackElo "2011"]
[PlyCount "77"]
[EventDate "2021.05.07"]
[EventType "swiss (blitz)"]
[EventRounds "11"]
[EventCountry "GER"]
[SourceTitle "CBM 202 Extra"]
[Source "ChessBase"]
[SourceDate "2021.07.31"]
[SourceVersion "1"]
[SourceVersionDate "2021.07.31"]
[SourceQuality "1"]

1. c4 f5 2. g3 Nf6 3. Bg2 g6 4. e3 Bg7 5. Ne2 0-0 6. 0-0 d6 7. Nbc3 e5 8. d3 c6 9. Rb1 a5 10. a3 Be6 11. b4 axb4 12. axb4 Qc7 13. b5 Nbd7 14. bxc6 bxc6 15. Qc2 Nc5 16. d4 exd4 17. exd4 Nce4 18. Nxe4 Nxe4 19. Nf4 Bf7 20. Be3 Rfe8 21. c5 dxc5 22. dxc5 Ra2 23. Qc1 Nc3 24. Rb2 Rxb2 25. Qxb2 Nd1 26. Qb6 Qxb6 27. cxb6 Nxe3 28. fxe3 Rb8 29. Rb1 Bf8 30. Bxc6 Bc5 31. Nd5 Kf8 32. b7 Bxd5 33. Bxd5 Bxe3+ 34. Kg2 Bc5 35. Rc1 Bd6 36. Rc8+ Ke7 37. Kf3 Kd7 38. Rc2 Re8 39. Bc6+ 1-0

[Event "GER-ch Net blitz qual3"]
[Site "Playchess.com INT"]
[Date "2021.05.07"]
[Round "10"]
[White "Leidorf, Sebastian"]
[Black "Friemel, Reinhard"]
[Result "1/2-1/2"]
[WhiteElo "1788"]
[BlackElo "1695"]
[PlyCount "84"]
[EventDate "2021.05.07"]
[EventType "swiss (blitz)"]
[EventRounds "11"]
[EventCountry "GER"]
[SourceTitle "CBM 202 Extra"]
[Source "ChessBase"]
[SourceDate "2021.07.31"]
[SourceVersion "1"]
[SourceVersionDate "2021.07.31"]
[SourceQuality "1"]

1. c4 e5 2. g3 c5 3. Bg2 Nc6 4. Nc3 g6 5. Nf3 Bg7 6. d3 Nge7 7. a3 a6 8. Rb1 Rb8 9. b4 cxb4 10. axb4 b5 11. c5 0-0 12. Ne4 Nf5 13. g4 d5 14. cxd6 Nxd6 15. Nxd6 Qxd6 16. h3 Bb7 17. 0-0 h6 18. Qb3 Kh7 19. Be3 Nd4 20. Bxd4 exd4 21. Rbc1 Bd5 22. Qb2 Bxf3 23. Bxf3 Rbc8 24. Rxc8 Rxc8 25. Qa3 Rc3 26. Qa2 f6 27. Bb7 Qxb4 28. Qxa6 Qe7 29. Bd5 Rc2 30. Be4 Rc5 31. Rb1 f5 32. gxf5 gxf5 33. Bf3 Qg5+ 34. Kh1 Re5 35. Rxb5 Qc1+ 36. Kg2 Rxb5 37. Qxb5 Qg5+ 38. Kh1 Qc1+ 39. Kh2 Qf4+ 40. Kg2 Qg5+ 41. Kh1 Qc1+ 42. Kg2 Qg5+ 1/2-1/2

[Event "GER-ch Net blitz qual3"]
[Site "Playchess.com INT"]
[Date "2021.05.07"]
[Round "3"]
[White "Leidorf, Sebastian"]
[Black "Plischki, Sebastian"]
[Result "0-1"]
[WhiteElo "1788"]
[BlackElo "2220"]
[PlyCount "66"]
[EventDate "2021.05.07"]
[EventType "swiss (blitz)"]
[EventRounds "11"]
[EventCountry "GER"]
[SourceTitle "CBM 202 Extra"]
[Source "ChessBase"]
[SourceDate "2021.07.31"]
[SourceVersion "1"]
[SourceVersionDate "2021.07.31"]
[SourceQuality "1"]

1. c4 g6 2. g3 Bg7 3. Bg2 c5 4. Nf3 Nc6 5. Nc3 d6 6. a3 Qd7 7. Rb1 b6 8. b4 Bb7 9. 0-0 e6 10. e3 Nge7 11. d4 cxd4 12. exd4 Nf5 13. Ne2 0-0 14. Bf4 Rfd8 15. Re1 Rac8 16. g4 Nfe7 17. Bg3 e5 18. d5 Nb8 19. Qb3 Qxg4 20. Rbc1 Nf5 21. h3 Qh5 22. Kh2 Nd7 23. Nd2 Nxg3 24. fxg3 f5 25. Bf3 Qg5 26. Nf1 e4 27. Bg2 Ne5 28. Nf4 Re8 29. Ne6 Qf6 30. Re3 Bh6 31. Rec3 Bxc1 32. Rxc1 Bxd5 33. cxd5 Rxc1 0-1

[Event "GER-ch Net blitz qual1"]
[Site "Playchess.com INT"]
[Date "2021.04.24"]
[Round "1"]
[White "Buljovcic, Franjo"]
[Black "Leidorf, Sebastian"]
[Result "0-1"]
[WhiteElo "1539"]
[BlackElo "1827"]
[PlyCount "72"]
[EventDate "2021.04.24"]
[EventType "swiss (blitz)"]
[EventRounds "11"]
[EventCountry "GER"]
[SourceTitle "CBM 202 Extra"]
[Source "ChessBase"]
[SourceDate "2021.07.31"]
[SourceVersion "1"]
[SourceVersionDate "2021.07.31"]
[SourceQuality "1"]

1. c4 Nf6 2. Nc3 d5 3. cxd5 Nxd5 4. g3 c5 5. Bg2 Nc7 6. Nf3 Nc6 7. d3 e5 8. 0-0 Be7 9. a3 0-0 10. Be3 Rb8 11. Ne4 Ne6 12. Nfd2 f5 13. Nc3 f4 14. Bxc5 Nxc5 15. b4 Ne6 16. Qb3 Kh8 17. Rfe1 Ned4 18. Qb2 Bg5 19. e3 fxe3 20. fxe3 Nf5 21. Nf1 Qxd3 22. Be4 Qc4 23. Bd5 Qg4 24. Qg2 Nce7 25. Bf3 Qc4 26. Ne4 Bf6 27. Rac1 Qa6 28. Rc3 b6 29. Rec1 Be6 30. Be2 Qb7 31. Bf3 Qd7 32. Nxf6 gxf6 33. Be4 Rbc8 34. Qf2 Rxc3 35. Rxc3 Rc8 36. Rd3 Qc7 0-1

[Event "GER-ch Net blitz qual1"]
[Site "Playchess.com INT"]
[Date "2021.04.24"]
[Round "2"]
[White "Leidorf, Sebastian"]
[Black "Langrock, Hannes"]
[Result "0-1"]
[WhiteElo "1827"]
[BlackElo "2237"]
[PlyCount "66"]
[EventDate "2021.04.24"]
[EventType "swiss (blitz)"]
[EventRounds "11"]
[EventCountry "GER"]
[SourceTitle "CBM 202 Extra"]
[Source "ChessBase"]
[SourceDate "2021.07.31"]
[SourceVersion "1"]
[SourceVersionDate "2021.07.31"]
[SourceQuality "1"]

1. c4 f5 2. g3 Nf6 3. Bg2 g6 4. b3 Bg7 5. Bb2 d6 6. e3 e5 7. Ne2 0-0 8. 0-0 c6 9. d4 e4 10. d5 c5 11. Nbc3 Na6 12. a3 Nc7 13. f3 exf3 14. Bxf3 Qe7 15. Qd3 Nd7 16. Bg2 Ne5 17. Qd2 Bd7 18. e4 Ng4 19. h3 Bh6 20. Nf4 Ne5 21. Rae1 b5 22. exf5 Rxf5 23. Qc2 bxc4 24. bxc4 Raf8 25. Ne4 Bxf4 26. gxf4 Rxf4 27. Rxf4 Rxf4 28. Nxd6 Nf3+ 29. Bxf3 Qxe1+ 30. Kg2 Bxh3+ 31. Kxh3 Rxf3+ 32. Kg2 Qg3+ 33. Kh1 Rf1# 0-1

[Event "GER-ch Net blitz qual1"]
[Site "Playchess.com INT"]
[Date "2021.04.24"]
[Round "6"]
[White "Mester, Philipp"]
[Black "Leidorf, Sebastian"]
[Result "0-1"]
[WhiteElo "1629"]
[BlackElo "1827"]
[PlyCount "108"]
[EventDate "2021.04.24"]
[EventType "swiss (blitz)"]
[EventRounds "11"]
[EventCountry "GER"]
[SourceTitle "CBM 202 Extra"]
[Source "ChessBase"]
[SourceDate "2021.07.31"]
[SourceVersion "1"]
[SourceVersionDate "2021.07.31"]
[SourceQuality "1"]

1. e4 c6 2. d4 d5 3. Nd2 dxe4 4. Nxe4 Nf6 5. Nxf6+ gxf6 6. Bf4 Bf5 7. c3 e6 8. Bd3 Bg6 9. Nf3 Bd6 10. Bg3 Qc7 11. Qd2 Nd7 12. 0-0-0 Bh5 13. Rde1 Bxf3 14. gxf3 0-0-0 15. Rhg1 f5 16. Bxd6 Qxd6 17. Kb1 Qxh2 18. f4 Qh4 19. Rg3 Rhg8 20. Qe3 Rg6 21. Rh3 Qf6 22. Rxh7 Rh8 23. Reh1 Rxh7 24. Rxh7 Rg1+ 25. Kc2 Qg6 26. Rh8+ Kc7 27. Rh3 Rg4 28. Rg3 Nf6 29. Rxg4 Nxg4 30. Qg3 Qh6 31. f3 Nf6 32. Kb3 Nd5 33. c4 Nxf4 34. Bc2 Kd7 35. Kb4 Ng6 36. Bd3 Qd2+ 37. Ka4 Qxd3 38. b3 Qxd4 39. Qg5 b5+ 40. Kb4 a5+ 41. Kxa5 bxc4 42. bxc4 Qxc4 43. Qd2+ Qd5+ 44. Qxd5+ exd5 45. Kb6 Ne5 46. a4 Nc4+ 47. Kb7 Kd6 48. Kc8 d4 49. f4 d3 50. a5 Nxa5 51. Kd8 d2 52. Ke8 d1Q 53. Kf8 Qg4 54. Ke8 Qg8# 0-1

[Event "DSOL 02 Liga Gr-C 1st"]
[Site "Playchess.com INT"]
[Date "2020.07.23"]
[Round "5.1"]
[White "Leidorf, Sebastian"]
[Black "Einwiller, Dieter"]
[Result "1-0"]
[WhiteElo "2100"]
[BlackElo "2047"]
[PlyCount "137"]
[EventDate "2020.06.22"]
[EventType "team-tourn (rapid)"]
[EventCountry "GER"]
[SourceTitle "EXT 2021"]
[Source "ChessBase"]
[SourceDate "2020.10.23"]
[SourceVersion "1"]
[SourceVersionDate "2020.10.23"]
[SourceQuality "1"]
[WhiteTeam "Bergwinkel SV"]
[BlackTeam "Pfullingen"]
[WhiteTeamCountry "GER"]
[BlackTeamCountry "GER"]

1. c4 e5 2. g3 Nf6 3. Bg2 d5 4. cxd5 Nxd5 5. Nc3 Nb6 6. Nf3 Nc6 7. 0-0 Be7 8. a3 0-0 9. b4 Be6 10. Rb1 f6 11. d3 Nd4 12. Nd2 c6 13. Nde4 Nd5 14. Bb2 b6 15. Nxd5 Bxd5 16. Bxd4 exd4 17. Qc2 Rc8 18. Rfc1 Kh8 19. Nd2 Bxg2 20. Kxg2 Qd5+ 21. Kg1 f5 22. Qc4 Rfd8 23. Qxd5 Rxd5 24. Rc4 Bf6 25. Rbc1 Rd6 26. Kf1 h6 27. a4 Kh7 28. b5 c5 29. a5 Re8 30. R4c2 Bd8 31. Nc4 Rde6 32. axb6 axb6 33. Ra1 h5 34. Ra8 h4 35. Rca2 hxg3 36. hxg3 Kh6 37. Rb8 Bf6 38. Rxe8 Rxe8 39. Ra6 Kg6 40. Rxb6 Ra8 41. Rc6 Kf7 42. Rxc5 Ke6 43. b6 Ra1+ 44. Kg2 Rb1 45. Rc7 Be5 46. Nxe5 Kxe5 47. f4+ Kf6 48. b7 g6 49. Kf2 Ke6 50. e3 dxe3+ 51. Kxe3 Rb4 52. Rg7 Kf6 53. Rh7 Ke6 54. Kd2 Kd5 55. Rg7 Rb6 56. Ke3 Re6+ 57. Kf3 Rb6 58. Rxg6 Rxb7 59. Rf6 Rb3 60. Rxf5+ Kd4 61. Re5 Rxd3+ 62. Kg4 Ra3 63. Re8 Kd5 64. f5 Kd6 65. Kf4 Kd7 66. Re1 Rb3 67. g4 Rb4+ 68. Kg5 Rb5 69. Kg6 1-0

[Event "Rhein Main op-A 22nd"]
[Site "Bad Homburg"]
[Date "2019.06.21"]
[Round "4"]
[White "Haack, Kevin"]
[Black "Leidorf, Sebastian"]
[Result "1-0"]
[WhiteElo "2033"]
[BlackElo "2144"]
[PlyCount "35"]
[EventDate "2019.06.19"]
[EventType "swiss"]
[EventRounds "9"]
[EventCountry "GER"]
[SourceTitle "EXT 2020"]
[Source "ChessBase"]
[SourceDate "2019.10.17"]
[SourceVersion "1"]
[SourceVersionDate "2019.10.17"]
[SourceQuality "1"]

1. c4 e6 2. Nf3 d5 3. g3 Nf6 4. Bg2 Be7 5. 0-0 0-0 6. b3 c5 7. Bb2 Nc6 8. e3 b6 9. Nc3 dxc4 10. bxc4 Bb7 11. Qe2 Rc8 12. Rfd1 Qc7 13. Rac1 a6 14. Na4 Na5 15. Rb1 Rb8 16. Bc3 Nxc4 17. Qxc4 b5 18. Be5 1-0

[Event "Rhein Main op-A 22nd"]
[Site "Bad Homburg"]
[Date "2019.06.19"]
[Round "1"]
[White "Leidorf, Sebastian"]
[Black "Zimmer, Gerald"]
[Result "1-0"]
[WhiteElo "2144"]
[BlackElo "1951"]
[PlyCount "99"]
[EventDate "2019.06.19"]
[EventType "swiss"]
[EventRounds "9"]
[EventCountry "GER"]
[SourceTitle "EXT 2020"]
[Source "ChessBase"]
[SourceDate "2019.10.17"]
[SourceVersion "1"]
[SourceVersionDate "2019.10.17"]
[SourceQuality "1"]

1. c4 e6 2. g3 Nf6 3. Bg2 d5 4. Nf3 Be7 5. 0-0 0-0 6. b3 c5 7. Bb2 Nc6 8. e3 b6 9. Nc3 Bb7 10. cxd5 Nxd5 11. Nxd5 Qxd5 12. d4 Qh5 13. Ne5 Qxd1 14. Rfxd1 Na5 15. dxc5 Bxg2 16. Kxg2 Bxc5 17. Nd7 Rfc8 18. Nxc5 Rxc5 19. Rac1 Rxc1 20. Rxc1 Nb7 21. Ba3 h6 22. Rc7 Nd8 23. Be7 a5 24. a3 e5 25. Bxd8 Rxd8 26. Rc6 Rb8 27. b4 axb4 28. axb4 Kf8 29. Kf3 Rb7 30. Ke4 f6 31. h4 Ke7 32. b5 Kf7 33. h5 Ke7 34. g4 Kf7 35. Kf5 Ke7 36. Kg6 Kd8 37. Kh7 Rd7 38. Rxb6 Kc7 39. Rc6+ Kb7 40. f4 exf4 41. exf4 Re7 42. Kg6 Rd7 43. Re6 Rc7 44. Re8 Rc4 45. Re7+ Kb6 46. Rxg7 Rxf4 47. Kxh6 Kxb5 48. Rg6 Kc5 49. Kg7 f5 50. h6 1-0

[Event "Riga Tech op 8th"]
[Site "Riga"]
[Date "2018.08.06"]
[Round "1"]
[White "Kreisl, Robert"]
[Black "Leidorf, Sebastian"]
[Result "1-0"]
[WhiteElo "2404"]
[BlackElo "2119"]
[PlyCount "65"]
[EventDate "2018.08.06"]
[EventType "swiss"]
[EventRounds "9"]
[EventCountry "LAT"]
[SourceTitle "CBM 185 Extra"]
[Source "ChessBase"]
[SourceDate "2018.07.29"]
[SourceVersion "1"]
[SourceVersionDate "2018.07.29"]
[SourceQuality "1"]

1. Nf3 d5 2. g3 e6 3. Bg2 Nf6 4. 0-0 Be7 5. c4 0-0 6. b3 c5 7. Bb2 b6 8. e3 Bb7 9. Nc3 Nbd7 10. Qe2 Rc8 11. d3 Qc7 12. Rac1 Qb8 13. Ne1 dxc4 14. bxc4 Rfd8 15. f4 a6 16. a4 Qa8 17. g4 Bxg2 18. Nxg2 Nb8 19. f5 exf5 20. g5 Ne8 21. Rxf5 Nd6 22. Rf3 Nc6 23. Nd5 Qb7 24. Rh3 Bxg5 25. Qg4 h6 26. Nf6+ Kf8 27. Nh7+ Kg8 28. Nxg5 hxg5 29. Qxg5 Ne8 30. Nf4 Qe7 31. Qh5 f6 32. Nd5 Qe6 33. Rf1 1-0

[Event "Hessen-chA"]
[Site "Frankfurt"]
[Date "2018.05.11"]
[Round "4"]
[White "Bajorski, Marius"]
[Black "Leidorf, Sebastian"]
[Result "1/2-1/2"]
[WhiteElo "1911"]
[BlackElo "2100"]
[PlyCount "73"]
[EventDate "2018.05.10"]
[EventType "swiss"]
[EventRounds "7"]
[EventCountry "GER"]
[SourceTitle "EXT 2019"]
[Source "ChessBase"]
[SourceDate "2018.10.10"]
[SourceVersion "1"]
[SourceVersionDate "2018.10.10"]
[SourceQuality "1"]

1. e4 e6 2. d4 d5 3. Nd2 Nf6 4. e5 Nfd7 5. Bd3 c5 6. c3 Nc6 7. Ne2 cxd4 8. cxd4 f6 9. exf6 Nxf6 10. Nf3 Bd6 11. 0-0 Qc7 12. Bg5 0-0 13. Rc1 Ng4 14. h3 Rxf3 15. hxg4 Rf8 16. Be3 Qe7 17. g3 e5 18. dxe5 Nxe5 19. Bf5 Bxf5 20. gxf5 Nf3+ 21. Kh1 Rxf5 22. Nf4 Qe4 23. Qc2 Qxc2 24. Rxc2 d4 25. Bc1 Bxf4 26. Bxf4 g5 27. Kg2 g4 28. Rh1 Rf7 29. Rc5 Rd8 30. Bg5 Nxg5 31. Rxg5+ Rg7 32. Re5 d3 33. Rhe1 Rd6 34. Kf1 Rc7 35. Rg5+ Rg7 36. Rge5 Rc7 37. Rg5+ 1/2-1/2

[Event "Chigorin Memorial 25th"]
[Site "St Petersburg"]
[Date "2017.10.29"]
[Round "9"]
[White "Stukan, Martin"]
[Black "Leidorf, Sebastian"]
[Result "1/2-1/2"]
[WhiteElo "2215"]
[BlackElo "2083"]
[PlyCount "80"]
[EventDate "2017.10.21"]
[EventType "swiss"]
[EventRounds "9"]
[EventCountry "RUS"]
[SourceTitle "CBM 181 Extra"]
[Source "ChessBase"]
[SourceDate "2017.12.12"]
[SourceVersion "1"]
[SourceVersionDate "2017.12.12"]
[SourceQuality "1"]

1. d4 e6 2. c4 d5 3. Nc3 c5 4. cxd5 exd5 5. Nf3 Nc6 6. g3 Nf6 7. Bg2 Be7 8. 0-0 0-0 9. Bg5 c4 10. Ne5 Be6 11. b3 Qa5 12. Nxc6 bxc6 13. Na4 Rac8 14. bxc4 dxc4 15. Bxf6 Bxf6 16. Nc5 Rb8 17. e3 Rb2 18. Nxe6 fxe6 19. Qg4 e5 20. Qe6+ Kh8 21. Qxc4 exd4 22. exd4 Rd2 23. Rae1 Bxd4 24. Re2 Rxe2 25. Qxe2 c5 26. Be4 g6 27. h4 Qc7 28. Kg2 Qe5 29. f4 Qe6 30. Qc2 Rb8 31. Rb1 Rxb1 32. Qxb1 Qb6 33. Qxb6 axb6 34. Bd3 Kg7 35. Kf3 h5 36. g4 hxg4+ 37. Kxg4 Bf6 38. a4 Bc3 39. f5 gxf5+ 40. Kxf5 Kh6 1/2-1/2

[Event "Chigorin Memorial 25th"]
[Site "St Petersburg"]
[Date "2017.10.24"]
[Round "4"]
[White "Leidorf, Sebastian"]
[Black "Nazaretyan, Tigran"]
[Result "0-1"]
[WhiteElo "2083"]
[BlackElo "2303"]
[PlyCount "78"]
[EventDate "2017.10.21"]
[EventType "swiss"]
[EventRounds "9"]
[EventCountry "RUS"]
[SourceTitle "CBM 181 Extra"]
[Source "ChessBase"]
[SourceDate "2017.12.12"]
[SourceVersion "1"]
[SourceVersionDate "2017.12.12"]
[SourceQuality "1"]

1. c4 e5 2. g3 Nf6 3. Bg2 Nc6 4. Nc3 Bc5 5. a3 d6 6. e3 a6 7. Nge2 Ba7 8. d4 Bd7 9. b4 0-0 10. 0-0 h6 11. d5 Ne7 12. e4 Qc8 13. Qd3 Ng4 14. Nd1 f5 15. Ne3 fxe4 16. Bxe4 Nf6 17. Bg2 Nf5 18. Nxf5 Bxf5 19. Qb3 Ng4 20. Be3 Nxe3 21. fxe3 Bg4 22. Qd3 Qd7 23. Nc3 b5 24. cxb5 axb5 25. Nxb5 Bxe3+ 26. Qxe3 Qxb5 27. Qe4 Be2 28. Rxf8+ Rxf8 29. a4 Qb6+ 30. Kh1 Qf2 31. a5 Rf3 32. a6 Ra3 33. Qb1 Rxa6 34. Rxa6 Bxa6 35. b5 Bc8 36. Qf1 Qxf1+ 37. Bxf1 Kf7 38. Kg2 Bb7 39. Bc4 e4 0-1

[Event "Chigorin Memorial 25th"]
[Site "St Petersburg"]
[Date "2017.10.22"]
[Round "2"]
[White "Patel, Palak"]
[Black "Leidorf, Sebastian"]
[Result "0-1"]
[WhiteElo "1741"]
[BlackElo "2083"]
[PlyCount "84"]
[EventDate "2017.10.21"]
[EventType "swiss"]
[EventRounds "9"]
[EventCountry "RUS"]
[SourceTitle "CBM 181 Extra"]
[Source "ChessBase"]
[SourceDate "2017.12.12"]
[SourceVersion "1"]
[SourceVersionDate "2017.12.12"]
[SourceQuality "1"]

1. e4 e6 2. d4 d5 3. Nd2 Nf6 4. e5 Nfd7 5. Bd3 c5 6. c3 Nc6 7. Ne2 cxd4 8. cxd4 f6 9. Nf4 Nxd4 10. Qh5+ Ke7 11. Ng6+ hxg6 12. exf6+ Nxf6 13. Qxh8 Kf7 14. Qh4 e5 15. 0-0 Bf5 16. Bxf5 gxf5 17. Nb3 Nxb3 18. axb3 Bc5 19. Bg5 Qd6 20. Bxf6 Qxf6 21. Qh5+ Ke6 22. Rac1 Bb6 23. Rc2 Rd8 24. Rfc1 g6 25. Qh7 Qf7 26. Qh4 d4 27. Rc8 Qd7 28. Rxd8 Bxd8 29. Qh6 Qf7 30. Qh8 Bb6 31. Qc8+ Qd7 32. Qg8+ Qf7 33. Qc8+ Kf6 34. Qh8+ Qg7 35. Qe8 d3 36. Qb5 e4 37. Qd5 Kg5 38. Rc3 Qd4 39. Qxd4 Bxd4 40. Rc1 e3 41. Kf1 e2+ 42. Ke1 Bxf2+ 0-1

[Event "Wiesbaden op 28th"]
[Site "Wiesbaden"]
[Date "2016.08.28"]
[Round "7"]
[White "Leidorf, Sebastian"]
[Black "Erlekam, Simon"]
[Result "0-1"]
[WhiteElo "2097"]
[BlackElo "1799"]
[PlyCount "88"]
[EventDate "2016.08.25"]
[EventType "swiss"]
[EventRounds "7"]
[EventCountry "GER"]
[SourceTitle "CBM 174 Extra"]
[Source "ChessBase"]
[SourceDate "2016.10.10"]
[SourceVersion "1"]
[SourceVersionDate "2016.10.10"]
[SourceQuality "1"]

1. c4 e5 2. g3 Nf6 3. Bg2 g6 4. Nc3 Bg7 5. e4 0-0 6. Nge2 d6 7. 0-0 c6 8. d3 Na6 9. h3 Ne8 10. Be3 f5 11. exf5 Bxf5 12. a3 Nac7 13. d4 Nf6 14. Qd2 Qe7 15. Rac1 Rad8 16. d5 c5 17. b4 b6 18. Bg5 Qe8 19. g4 Bc8 20. Rb1 Ba6 21. b5 Bc8 22. Ng3 Rd7 23. Rbe1 Rdf7 24. f4 Nd7 25. f5 Nf6 26. Bxf6 Bxf6 27. g5 gxf5 28. gxf6 Rxf6 29. Kh2 Kh8 30. Rg1 Rg8 31. Qf2 Qf7 32. Bf3 Rh6 33. Nh5 Rgg6 34. Qh4 Ne8 35. Qd8 Qd7 36. Qxd7 Bxd7 37. Rg2 f4 38. Bg4 Bxg4 39. hxg4 Nf6 40. Kg1 Nxg4 41. Nxf4 exf4 42. Re8+ Kg7 43. Ne4 f3 44. Rg3 Nf6 0-1